We cannot but tell. (Record no. 11016)

000 -LEADER
fixed length control field 00498nam a2200181 a 4500
001 - CONTROL NUMBER
control field :::00008809$&:&@@
003 - CONTROL NUMBER IDENTIFIER
control field OkBaRHE
005 - DATE AND TIME OF LATEST TRANSACTION
control field 20000607103346.0
008 - FIXED-LENGTH DATA ELEMENTS--GENERAL INFORMATION
fixed length control field s1971 j 000 0 eng u
040 ## - CATALOGING SOURCE
Transcribing agency
100 1# - MAIN ENTRY--PERSONAL NAME
Personal name Tooley, Ross.
245 10 - TITLE STATEMENT
Title We cannot but tell.
260 ## - PUBLICATION, DISTRIBUTION, ETC. (IMPRINT)
Place of publication, distribution, etc Singapore
Name of publisher, distributor, etc Youth With a Mission
Date of publication, distribution, etc 1971
300 ## - PHYSICAL DESCRIPTION
Extent 83 p.
650 ## - SUBJECT ADDED ENTRY--TOPICAL TERM
Topical term or geographic name as entry element Evangelism
942 ## - ADDED ENTRY ELEMENTS (KOHA)
Source of classification or shelving scheme
Koha item type Books
Copies
Permanent Location Source of classification or shelving scheme Lost status Copy number Date acquired Not for loan Price effective from Damaged status Date last seen Shelving location Barcode Withdrawn status Full call number Koha item type
RHEMA Bible Training College  12010-04-14 2010-04-14 2010-04-14General Stacks8809 BV 3795 .T6Books